Statistics for Debra Winger Filmography

Click here to take the quiz!

General Stats

  • This quiz has been taken 4 times
  • The average score is 18 of 61

Answer Stats

TypeYearName% Correct
Film1982An Officer and a Gentleman
75%
Film1993Shadowlands
75%
Film1983Terms of Endearment
75%
Film1982E.T. the Extra-Terrestrial
50%
Film1980Urban Cowboy
50%
TV Show1976, 1977Wonder Woman
50%
Film1993A Dangerous Woman
25%
Film1988Betrayed
25%
Film2001Big Bad Love
25%
Film1987Black Widow
25%
Film2014Boychoir
25%
Film1982Cannery Row
25%
Documentary2006Can You Hear Me? Israeli and Palestinian Women Fight for Peace
25%
Commercial1978Cheer Detergent
25%
Web Series2017Comrade Detective
25%
TV Film2005Dawn Anna
25%
Short Film1995Divine Rapture
25%
Film2004Eulogy
25%
Film1990Everybody Wins
25%
Film1995Forget Paris
25%
Film1979French Postcards
25%
Theater1998How I Learned to Drive
25%
Short Film2011How It Ended
25%
Documentary1994In Search of Angels
25%
TV Show2010In Treatment
25%
Theater1999-2000Ivanov
25%
TV Show1978James at 16
25%
Film2020Kajillionaire
25%
TV Show2010Law & Order
25%
Film1992Leap of Faith
25%
Film1986Legal Eagles
25%
Film2012Lola Versus
25%
Film1987Made in Heaven
25%
Film1984Mike's Murder
25%
Web Series2021Mr. Corman
25%
Web Series2018Patriot
25%
TV Show1978Police Woman
25%
Film2008Rachel Getting Married
25%
Film2003Radio
25%
Documentary1998Rumi: Poet of the Heart
25%
TV Show1990Saturday Night Live
25%
Documentary2002Searching for Debra Winger
25%
TV Show1992Sesame Street
25%
Film1976Slumber Party '57
25%
TV Film2005Sometimes in April
25%
TV Film1978Special Olympics
25%
TV Show1977Szysznyk
25%
Film1978Thank God It's Friday
25%
Theater2012The Anarchist
25%
Theater2002The Exonerated
25%
Film2017The Lovers
25%
Web Series2016-2020The Ranch
25%
TV Mini-Series2014The Red Tent
25%
Film1990The Sheltering Sky
25%
Web Series2021Ultra City Smiths
25%
Documentary1975Vickie the Hitchhiker
25%
Documentary Series2007Whatever Happened To?
25%
TV Mini-Series2017When We Rise
25%
Film1993Wilder Napalm
25%
Film2021With/In: Volume 2
25%
Documentary2018Women Make Film: A New Road Movie Through Cinema
25%

Score Distribution

Percentile by Number Answered

Percent of People with Each Score

Your Score History

You have not taken this quiz